Statistics for Disco Hits 1970's & Early '80's #1

Click here to take the quiz!

General Stats

  • This quiz has been taken 156 times
  • The average score is 9 of 20

Answer Stats

Song TitleAnswer% Correct
I Will SurviveGloria Gaynor
91%
SeptemberEarth Wind & Fire
82%
We Are FamilySister Sledge
82%
FunkytownLipps Inc
77%
Off The WallMichael Jackson
70%
Car WashRose Royce
69%
The HustleVan McCoy
54%
Knock On Wood (1978)Amii Stewart
49%
Working My Way Back To You (1979)Detroit Spinners (UK) Spinners (US)
45%
Rock Your BabyGeorge McRae
41%
Best Of My LoveEmotions
36%
More, More, MoreAndrea True Connection
34%
Fly Robin FlySilver Convention
30%
D.I.S.C.O.Ottowan
29%
Ain't No Stopping Us NowMcFadden & Whitehead
27%
One Nation Under A GrooveFunkadelic
23%
And The Beat Goes OnWhispers
16%
Love x LoveGeorge Benson
12%
Funkin' For JamaicaTom Browne
10%
Wikka WrapEvasions
6%

Score Distribution

Percentile by Number Answered

Percent of People with Each Score

Your Score History

You have not taken this quiz